000 00369nam a2200145Ia 4500
008 230917s9999||||xx |||||||||||||| ||und||
040 _e64711
_aMAIN
041 _aEnglish
082 _a657.48 S68A
100 _aScapens, Robert W
245 0 _aAccounting in an inflationary environment
260 _aLondon
_bMacmillan
_c1977
300 _axii, 163 p.
942 _cBK
999 _c217065
_d217065